|
|
|
|
| LEADER |
00000nam2a2200000 4500 |
| 001 |
168074 |
| 005 |
20231031163010.0 |
| 035 |
|
|
|a (RuTPU)RU\TPU\book\182354
|
| 090 |
|
|
|a 168074
|
| 100 |
|
|
|a 20091023d1991 k y0rusy50 ca
|
| 101 |
0 |
|
|a rus
|
| 102 |
|
|
|a RU
|
| 105 |
|
|
|a y z 000zy
|
| 200 |
0 |
|
|a Вып. 129
|
| 210 |
|
|
|d 1991
|
| 215 |
|
|
|a 114 с.
|
| 461 |
|
1 |
|0 (RuTPU)RU\TPU\book\165548
|t Библиотековедение и библиография за рубежом
|o сборник
|f Государственная библиотека СССР им. В.И. Ленина
|v Вып. 129
|d 1958-1994
|
| 610 |
1 |
|
|a зарубежное библиотековедение
|
| 610 |
1 |
|
|a зарубежная библиография
|
| 610 |
1 |
|
|a ИФЛА
|
| 610 |
1 |
|
|a секции
|
| 610 |
1 |
|
|a библиотечное дело
|
| 610 |
1 |
|
|a история
|
| 610 |
1 |
|
|a подготовка кадров
|
| 610 |
1 |
|
|a библиотеки
|
| 610 |
1 |
|
|a библиотечное обслуживание
|
| 610 |
1 |
|
|a США
|
| 610 |
1 |
|
|a детские библиотеки
|
| 686 |
|
|
|a Ч734(4/8)
|v LBC/SL-A
|2 rubbk
|
| 801 |
|
1 |
|a RU
|b 63413507
|c 20091023
|
| 801 |
|
2 |
|a RU
|b 63413507
|c 20170123
|g RCR
|
| 942 |
|
|
|c BK
|